Evaluación inicial de riesgos por puestos de trabajo en la empresa Casco Safety, ubicada en Managua

La presente investigación se encuentra sujeto a las leyes de las República de Nicaragua y tiene su base jurídica en la Constitución Política, Art. 82. Inc. 4 Artos 1, 2, 6, 8, 13, 17 y 18; Artos del 100 al 129 inclusive, del Código del Trabajo (Ley 185), Artos. Del 61 al 72 inclusive de la Ley...

Full description

Bibliographic Details
Main Authors: Rodríguez Rodríguez, Clayder Jhazell, Obando Gómez, Elyin Isaac, Vallecillo Carballo, Walter Steven
Other Authors: Tutor: Silvestri Jirón, Pietro Marcelo
Format: Tesis Section = Libro
Language:Undetermined
Spanish
Published: Managua UNI 2021
Subjects:
LEADER 01476nam a2200277Ia 4500
008 240830s9999 xx 000 0 und d
040 |a BIBLIOTECA-RUPAP/ Mon 363.11 R696 
041 |a spa 
082 |a Mon 363.11 R696 
100 1 |a Rodríguez Rodríguez, Clayder Jhazell 
100 1 |b Obando Gómez, Elyin Isaac 
100 1 |c Vallecillo Carballo, Walter Steven 
245 1 0 |a Evaluación inicial de riesgos por puestos de trabajo en la empresa Casco Safety, ubicada en Managua 
260 |a Managua  |b UNI  |c 2021 
300 |a 109 p. :il. 
500 |a Contiene: anexos y CD. 
502 |a Tesis (Ingeniero Industrial) - UNI, 2021. 
520 3 |a La presente investigación se encuentra sujeto a las leyes de las República de Nicaragua y tiene su base jurídica en la Constitución Política, Art. 82. Inc. 4 Artos 1, 2, 6, 8, 13, 17 y 18; Artos del 100 al 129 inclusive, del Código del Trabajo (Ley 185), Artos. Del 61 al 72 inclusive de la Ley General de Higiene y Seguridad del Trabajo (Ley 618); Arto. 6. Inc. b) Resolución Ministerial de Higiene y Seguridad del Trabajo, Art. 241, Apdo. 2 del Reglamento de la Ley 290, y demás Resoluciones Ministeriales de Higiene y Seguridad del Trabajo. 
650 7 |a EVALUACION DE RIESGOS-NICARAGUA 
650 7 |b  ACCIDENTES DE TRABAJO 
650 7 |c  SEGURIDAD OCUPACIONAL 
650 7 |d  AMBIENTE DE TRABAJO 
700 1 |a Tutor:  |b Silvestri Jirón, Pietro Marcelo 
942 |c BK  |2 ddc 
991 |a TESIS 
999 |c 18961